| 000 | 00713nam a2200193 4500 | ||
|---|---|---|---|
| 005 | 20211018094935.0 | ||
| 008 | 190911b sp ||||| |||| 00| 0 spa d | ||
| 020 | _a 9788491169055 | ||
| 050 | 0 | 4 |
_aQ162 _bL68 2017 |
| 050 | 0 | 4 |
_aQ162 _bL67 2017 |
| 100 | 1 |
_aLópez Cantos, Francisco José, _d1968- |
|
| 245 | 1 | 0 |
_aCultura visual y conocimiento científico _b: comunicación transmedia de la ciencia en la era Big Data _c/ Francisco José López Cantos |
| 250 | _a1a ed. | ||
| 260 |
_aBarcelona, España : _bUOC ( Universitat Oberta de Catalunya), _c2017. |
||
| 300 |
_a131 p. ; _c21 cm. |
||
| 490 |
_aManuales (Comunicación) ; _v510. |
||
| 650 | 7 |
_2lemb _aCiencia _vObras de divulgación |
|
| 942 |
_2lcc _cLIB |
||
| 999 |
_c151162 _d151160 |
||